UBT Library

THE MASTERS OF GOLF (Record no. 8892)

000 -LEADER
fixed length control field 00288nam a22001337a 4500
008 - FIXED-LENGTH DATA ELEMENTS--GENERAL INFORMATION
fixed length control field 170329b xxu||||| |||| 00| 0 eng d
020 ## - INTERNATIONAL STANDARD BOOK NUMBER
International Standard Book Number 9780883658468
041 ## - LANGUAGE CODE
Language code of text/sound track or separate title eng
080 ## - UNIVERSAL DECIMAL CLASSIFICATION NUMBER
Universal Decimal Classification number 796.3
100 ## - Rafti
Rafti 8
101 ## - Shkurtesa
Shkurtesa shm
245 ## - TITLE STATEMENT
Title THE MASTERS OF GOLF
Statement of responsibility, etc AULTMAN, D
942 ## - ADDED ENTRY ELEMENTS (KOHA)
Source of classification or shelving scheme
Item type Books
Holdings
Withdrawn status Lost status Source of classification or shelving scheme Damaged status Not for loan Collection code Permanent location Current location Shelving location Date acquired Total Checkouts Full call number Barcode Date last seen Price effective from Koha item type
          Koleksioni i përgjithshem UBT - Lipjan UBT - Lipjan Koleksioni i përgjithshem 03/29/2017   796.3 AUL 002-034380 03/29/2017 03/29/2017 Books
UBT Library © 2015-2024. All rights reserved University Education for Business and Technology